[Event "TUR-ch U13-U18"]
[Site "Antalya"]
[Date "2020.01.24"]
[Round "10"]
[White "Kozakbas, Okan"]
[Black "Sahin, Engincan"]
[Result "0-1"]
[WhiteElo "1117"]
[BlackElo "1173"]
[PlyCount "33"]
[EventDate "2020.01.19"]
[EventType "swiss"]
[EventRounds "11"]
[EventCountry "TUR"]
[SourceTitle "CBM 195 Extra"]
[Source "ChessBase"]
[SourceDate "2020.05.31"]
[SourceVersion "1"]
[SourceVersionDate "2020.05.31"]
[SourceQuality "1"]

1. e4 g6 2. d4 Bg7 3. Bf4 c5 4. c3 Qa5 5. Nf3 cxd4 6. Nxd4 Nc6 7. Nb3 Qd8 8. Qc2 d6 9. N1d2 Be6 10. Bb5 Nf6 11. 0-0 0-0 12. Bxc6 bxc6 13. Rfe1 Nh5 14. Be3 Qc7 15. g3 f5 16. Nd4 Bd7 17. exf5 0-1

[Event "TUR-ch U13-U18"]
[Site "Antalya"]
[Date "2020.01.23"]
[Round "8"]
[White "Kozakbas, Okan"]
[Black "Edeer, Kagan"]
[Result "0-1"]
[WhiteElo "1117"]
[BlackElo "1220"]
[PlyCount "132"]
[EventDate "2020.01.19"]
[EventType "swiss"]
[EventRounds "11"]
[EventCountry "TUR"]
[SourceTitle "CBM 195 Extra"]
[Source "ChessBase"]
[SourceDate "2020.05.31"]
[SourceVersion "1"]
[SourceVersionDate "2020.05.31"]
[SourceQuality "1"]

1. c4 e5 2. Nc3 Nf6 3. d3 Bc5 4. Nf3 d6 5. Bg5 h6 6. Bh4 Bb4 7. Rb1 0-0 8. a3 Bxc3+ 9. bxc3 Re8 10. e4 Nbd7 11. Be2 c6 12. Qb3 Nc5 13. Bxf6 Qxf6 14. Qc2 Ne6 15. g3 Ng5 16. Nxg5 Qxg5 17. 0-0 Bh3 18. Rfd1 Re7 19. Qd2 Qg6 20. Rb2 f5 21. Bf3 f4 22. Bg2 Bxg2 23. Kxg2 fxg3 24. fxg3 Rf8 25. Qe3 Qg4 26. Rdd2 b6 27. h3 Qh5 28. Qe2 Qxe2+ 29. Rxe2 Ref7 30. Rf2 Rxf2+ 31. Rxf2 Rxf2+ 32. Kxf2 Kf7 33. Kf3 Kf6 34. h4 h5 35. Ke3 Ke6 36. d4 d5 37. Kd3 Kd6 38. cxd5 cxd5 39. c4 dxc4+ 40. Kxc4 exd4 41. Kxd4 a6 42. e5+ Ke6 43. Ke4 b5 44. Kd4 a5 45. Ke4 b4 46. a4 b3 47. Kd3 Kxe5 48. Kc3 b2 49. Kxb2 Kd4 50. Kb3 Kd3 51. Kb2 Kc4 52. Ka3 Kc3 53. Ka2 Kb4 54. Kb2 Kxa4 55. Kc3 Kb5 56. Kd4 Kb4 57. Ke5 a4 58. Kf5 a3 59. Kg6 a2 60. Kxg7 a1Q+ 61. Kg6 Qd1 62. Kg5 Qg4+ 63. Kh6 Kc5 64. Kh7 Kd6 65. Kh6 Ke7 66. Kh7 Kf7 0-1